[Event "HUN-chT2 Maroczy 1819"]
[Site "Hungary"]
[Date "2018.11.18"]
[Round "4.11"]
[White "Lovas, Zsolt"]
[Black "Lazar, Janos"]
[Result "1/2-1/2"]
[WhiteElo "1962"]
[BlackElo "2133"]
[PlyCount "100"]
[EventDate "2018.09.23"]
[EventType "team-tourn"]
[EventRounds "11"]
[EventCountry "HUN"]
[SourceTitle "EXT 2020"]
[Source "ChessBase"]
[SourceDate "2019.10.17"]
[SourceVersion "1"]
[SourceVersionDate "2019.10.17"]
[SourceQuality "1"]
[WhiteTeam "Penzugyor II"]
[BlackTeam "Kisujszallas"]
[WhiteTeamCountry "HUN"]
[BlackTeamCountry "HUN"]

1. e4 c5 2. c3 Nf6 3. e5 Nd5 4. d4 cxd4 5. cxd4 e6 6. Nf3 b6 7. Be2 Be7 8. 0-0 0-0 9. Nc3 Nxc3 10. bxc3 Ba6 11. Bxa6 Nxa6 12. Qd3 Nc7 13. c4 d5 14. cxd5 Nxd5 15. Bd2 Rc8 16. Rfc1 Qd7 17. Qb3 h6 18. h3 Rxc1+ 19. Rxc1 Rc8 20. Rxc8+ Qxc8 21. Qa4 a6 22. Ne1 b5 23. Qc2 Qxc2 24. Nxc2 b4 25. Kf1 a5 26. Ke2 a4 27. Na1 Kf8 28. Kd3 Nb6 29. Nc2 b3 30. axb3 axb3 31. Ne3 Ke8 32. Nd1 Na4 33. Bc1 Bb4 34. Kc4 b2 35. Bxb2 Nxb2+ 36. Nxb2 Ba3 37. Nd3 Kd7 38. d5 exd5+ 39. Kxd5 g5 40. f4 gxf4 41. Nxf4 Bc1 42. Nd3 Bd2 43. Ke4 Ke6 44. Nc5+ Ke7 45. Kf5 Kf8 46. Ne4 Bb4 47. e6 Kg7 48. g4 fxe6+ 49. Kxe6 Kg6 50. Ng3 Kg5 1/2-1/2

[Event "HUN-chT2 Maroczy 1819"]
[Site "Hungary"]
[Date "2018.09.23"]
[Round "1.10"]
[White "Lazar, Janos"]
[Black "Bodi, Tibor"]
[Result "0-1"]
[WhiteElo "2133"]
[BlackElo "2239"]
[PlyCount "120"]
[EventDate "2018.09.23"]
[EventType "team-tourn"]
[EventRounds "11"]
[EventCountry "HUN"]
[SourceTitle "EXT 2020"]
[Source "ChessBase"]
[SourceDate "2019.10.17"]
[SourceVersion "1"]
[SourceVersionDate "2019.10.17"]
[SourceQuality "1"]
[WhiteTeam "Kisujszallas"]
[BlackTeam "Kobanya Aquarena II"]
[WhiteTeamCountry "HUN"]
[BlackTeamCountry "HUN"]

1. c4 f5 2. g3 Nf6 3. Bg2 g6 4. b3 Bg7 5. Bb2 0-0 6. e3 d6 7. Ne2 e5 8. d3 c6 9. 0-0 Be6 10. Qc2 Nbd7 11. Nbc3 h6 12. Rae1 Kh7 13. f4 Qb6 14. Kh1 Ng4 15. Nd1 h5 16. h3 Nh6 17. d4 e4 18. d5 cxd5 19. Bxg7 Kxg7 20. Nd4 Bf7 21. cxd5 Bxd5 22. Nc3 Bf7 23. Na4 Qd8 24. Rc1 Rc8 25. Qb2 Qf6 26. Nb5 a6 27. Nxd6 Rxc1 28. Rxc1 b5 29. Qxf6+ Kxf6 30. Nxf7 Kxf7 31. Rc7 Ke6 32. Nb6 Nxb6 33. Rc6+ Ke7 34. Rxb6 Rf6 35. Rb7+ Kd8 36. Bf1 Kc8 37. Rh7 Nf7 38. a4 bxa4 39. bxa4 a5 40. Bc4 Nd8 41. Ra7 Rc6 42. Ba6+ Kb8 43. Rd7 Ne6 44. Bb5 Rc3 45. Rd6 Nc7 46. Rxg6 Rxe3 47. Bd7 h4 48. Bxf5 hxg3 49. Kg2 Nd5 50. Rxg3 Nxf4+ 51. Kf2 Re2+ 52. Kf1 Ra2 53. Bxe4 Rxa4 54. Bf5 Kc7 55. Rb3 Kd6 56. Rb5 Nd5 57. Rb3 Rf4+ 58. Kg1 Rxf5 59. Rb5 Ne3 60. Rb3 Nc4 0-1

[Event "HUN-chT2 Maroczy 1516"]
[Site "Hungary"]
[Date "2016.04.17"]
[Round "9.9"]
[White "Lazar, Janos"]
[Black "Mullner, Imre"]
[Result "0-1"]
[WhiteElo "2109"]
[BlackElo "2117"]
[PlyCount "76"]
[EventDate "2015.10.18"]
[EventType "team-tourn"]
[EventRounds "9"]
[EventCountry "HUN"]
[SourceTitle "EXT 2017"]
[Source "ChessBase"]
[SourceDate "2016.10.25"]
[SourceVersion "1"]
[SourceVersionDate "2016.10.25"]
[SourceQuality "1"]
[WhiteTeam "Kisujszallas"]
[BlackTeam "MLTC"]
[WhiteTeamCountry "HUN"]
[BlackTeamCountry "HUN"]

1. e4 c5 2. c4 Nc6 3. Ne2 g6 4. d4 cxd4 5. Nxd4 Bg7 6. Be3 d6 7. Be2 Nf6 8. Nc3 0-0 9. 0-0 a6 10. f4 Qc7 11. Rc1 e6 12. Qd2 Bd7 13. Nc2 Rad8 14. b4 Bc8 15. b5 Ne7 16. b6 Qb8 17. Rfd1 Nc6 18. g4 h6 19. f5 Kh7 20. g5 hxg5 21. Bxg5 exf5 22. Qf4 Rh8 23. Nd5 Nxd5 24. cxd5 f6 25. Bh4 Ne5 26. Nd4 g5 27. Bxg5 fxg5 28. Qxg5 Rdg8 29. Rc7 Qxc7 30. bxc7 Bh6 31. Qxg8+ Rxg8+ 32. Kh1 fxe4 33. Ne6 Be3 34. h3 Nf3 35. Rf1 Rg3 36. h4 Rh3+ 37. Kg2 Rh2+ 38. Kg3 Rxe2 0-1

[Event "HUN-chT2 Maroczy 1516"]
[Site "Hungary"]
[Date "2016.02.14"]
[Round "5.9"]
[White "Furedi, Erik"]
[Black "Lazar, Janos"]
[Result "1-0"]
[WhiteElo "2105"]
[BlackElo "2109"]
[PlyCount "41"]
[EventDate "2015.10.18"]
[EventType "team-tourn"]
[EventRounds "9"]
[EventCountry "HUN"]
[SourceTitle "EXT 2017"]
[Source "ChessBase"]
[SourceDate "2016.10.25"]
[SourceVersion "1"]
[SourceVersionDate "2016.10.25"]
[SourceQuality "1"]
[WhiteTeam "Vasas"]
[BlackTeam "Kisujszallas"]
[WhiteTeamCountry "HUN"]
[BlackTeamCountry "HUN"]

1. e4 c5 2. Nf3 Nf6 3. Nc3 d5 4. exd5 Nxd5 5. Ne5 Nxc3 6. bxc3 Qd5 7. d4 Nd7 8. Bf4 Qe4+ 9. Be3 Nxe5 10. dxe5 Bd7 11. Qd3 Qxe5 12. Rd1 Rd8 13. Be2 e6 14. Qd2 Be7 15. Bf4 Qe4 16. Bc7 Qxg2 17. Rf1 0-0 18. Bxd8 Rxd8 19. Qf4 e5 20. Qxe5 Bf6 21. Rxd7 1-0

[Event "HUN-chT2 Maroczy 1112"]
[Site "Hungary"]
[Date "2012.05.06"]
[Round "10"]
[White "Lazar, Janos"]
[Black "Heindrich, Janos"]
[Result "1-0"]
[WhiteElo "2120"]
[BlackElo "2147"]
[PlyCount "75"]
[EventDate "2011.09.25"]
[EventType "team-tourn"]
[EventRounds "11"]
[EventCountry "HUN"]
[SourceTitle "EXT 2013"]
[Source "ChessBase"]
[SourceDate "2012.11.22"]
[SourceVersion "1"]
[SourceVersionDate "2012.11.22"]
[SourceQuality "1"]
[WhiteTeam "Kisujszallas"]
[BlackTeam "Kazincbarcika"]
[WhiteTeamCountry "HUN"]
[BlackTeamCountry "HUN"]

1. d4 f5 2. g3 Nf6 3. Bg2 g6 4. Nd2 Bg7 5. e4 fxe4 6. Nxe4 Nxe4 7. Bxe4 0-0 8. Ne2 c5 9. dxc5 Qa5+ 10. c3 Qxc5 11. Be3 Qc7 12. 0-0 Nc6 13. Nf4 Ne5 14. Nd5 Qd8 15. Bg5 Rf7 16. Nxe7+ Rxe7 17. Qd6 Bf8 18. Bd5+ Nf7 19. Rae1 Re6 20. Bxe6 Qxg5 21. Bxf7+ Kxf7 22. Qc7 Be7 23. Re5 Qf6 24. Rfe1 Bd8 25. Qc4+ d5 26. Qxd5+ Kg7 27. Re8 Bb6 28. R1e7+ Kh6 29. Qd2+ g5 30. h4 Kh5 31. Rxh7+ Kg4 32. Re4+ Kf5 33. Qd5+ Kg6 34. Qg8+ Kf5 35. Qd5+ Kg6 36. Qg8+ Kf5 37. Rhe7 Be6 38. Qh7+ 1-0

[Event "HUN-chT2 Maroczy 1112"]
[Site "Hungary"]
[Date "2012.03.11"]
[Round "7"]
[White "Lazar, Janos"]
[Black "Toth, Daniel"]
[Result "1/2-1/2"]
[WhiteElo "2120"]
[BlackElo "2288"]
[PlyCount "76"]
[EventDate "2011.09.25"]
[EventType "team-tourn"]
[EventRounds "11"]
[EventCountry "HUN"]
[SourceTitle "EXT 2013"]
[Source "ChessBase"]
[SourceDate "2012.11.22"]
[SourceVersion "1"]
[SourceVersionDate "2012.11.22"]
[SourceQuality "1"]
[WhiteTeam "Kisujszallas"]
[BlackTeam "Fuezesabony"]
[WhiteTeamCountry "HUN"]
[BlackTeamCountry "HUN"]

1. c4 g6 2. Nc3 Bg7 3. g3 c5 4. Bg2 Nc6 5. e3 Nf6 6. Nge2 0-0 7. 0-0 d6 8. a3 Rb8 9. Rb1 Be6 10. d3 Qc8 11. Re1 Bg4 12. f3 Bh3 13. Bh1 Rd8 14. Nf4 Bd7 15. b4 e6 16. Qc2 Ne7 17. Bb2 cxb4 18. axb4 b5 19. Qb3 bxc4 20. dxc4 Nc6 21. Nb5 Be8 22. Red1 d5 23. cxd5 Rxb5 24. dxc6 Rxd1+ 25. Rxd1 Qxc6 26. Ne2 Qb7 27. Ba3 Rb6 28. Nd4 a5 29. b5 Nd5 30. Bc5 Bxd4 31. Bxd4 Rxb5 32. Qd3 Rb3 33. Qe4 Qc7 34. f4 Ne7 35. Qa8 Rb8 36. Be5 Rxa8 37. Bxc7 Rc8 38. Bxa5 Bc6 1/2-1/2

[Event "HUN-chT2 Maroczy 1011"]
[Site "Hungary"]
[Date "2011.05.15"]
[Round "11"]
[White "Kelemen, Imre"]
[Black "Lazar, Janos"]
[Result "0-1"]
[WhiteElo "2132"]
[BlackElo "2155"]
[PlyCount "98"]
[EventDate "2010.09.12"]
[EventType "team-tourn"]
[EventRounds "11"]
[EventCountry "HUN"]
[SourceTitle "EXT 2012"]
[Source "ChessBase"]
[SourceDate "2011.11.24"]
[SourceVersion "1"]
[SourceVersionDate "2011.11.24"]
[SourceQuality "1"]
[WhiteTeam "Debrecen SBE"]
[BlackTeam "Kisujszallas"]
[WhiteTeamCountry "HUN"]
[BlackTeamCountry "HUN"]

1. e4 c5 2. Nf3 e6 3. d4 cxd4 4. c3 dxc3 5. Nxc3 Ne7 6. Bf4 Ng6 7. Bd6 Bxd6 8. Qxd6 Qe7 9. Nb5 Qxd6 10. Nxd6+ Ke7 11. 0-0-0 Nc6 12. Bb5 a6 13. Ba4 b5 14. Bb3 Na5 15. h4 Nxb3+ 16. axb3 f6 17. h5 Ne5 18. h6 g6 19. Nxe5 fxe5 20. Rh3 Rf8 21. Rc3 Kd8 22. Rd2 Rb8 23. Rdc2 Bb7 24. Rc7 Ba8 25. f3 g5 26. Kd2 Rb6 27. Nf7+ Rxf7 28. Rc8+ Ke7 29. Rxa8 Rf6 30. Rg8 Rd6+ 31. Ke3 Rxh6 32. Rcc8 Rc6 33. Rce8+ Kd6 34. Rxg5 Rh1 35. Rg7 Rb1 36. Rd8 Rc7 37. Ra8 Rxb2 38. Rxa6+ Rc6 39. Rxc6+ dxc6 40. Rxh7 Rxb3+ 41. Ke2 Rb2+ 42. Kf1 c5 43. g4 c4 44. Rh8 c3 45. Rc8 c2 46. Ke1 b4 47. g5 Rb1+ 48. Kd2 b3 49. Rc3 Rd1+ 0-1

[Event "HUN-chT2 Maroczy 1011"]
[Site "Hungary"]
[Date "2011.05.01"]
[Round "10"]
[White "Lazar, Janos"]
[Black "Dobai, Szabolcs"]
[Result "0-1"]
[WhiteElo "2155"]
[BlackElo "2206"]
[PlyCount "98"]
[EventDate "2010.09.12"]
[EventType "team-tourn"]
[EventRounds "11"]
[EventCountry "HUN"]
[SourceTitle "EXT 2012"]
[Source "ChessBase"]
[SourceDate "2011.11.24"]
[SourceVersion "1"]
[SourceVersionDate "2011.11.24"]
[SourceQuality "1"]
[WhiteTeam "Kisujszallas"]
[BlackTeam "Miskolc EMSE"]
[WhiteTeamCountry "HUN"]
[BlackTeamCountry "HUN"]

1. Nf3 Nf6 2. d4 e6 3. e3 c5 4. Bd3 b6 5. 0-0 Bb7 6. Nbd2 Be7 7. b3 0-0 8. Bb2 cxd4 9. exd4 d6 10. Re1 Nbd7 11. Rc1 Rc8 12. c4 Rc7 13. Bf1 a6 14. Qe2 Qa8 15. d5 e5 16. Nh4 Re8 17. Nf5 Bf8 18. g4 g6 19. Ng3 Rec8 20. g5 Ne8 21. Bh3 Rd8 22. Nge4 b5 23. Qe3 bxc4 24. bxc4 Bc8 25. Rf1 Nc5 26. Nxc5 Rxc5 27. f4 Qa7 28. Bxc8 Rdxc8 29. Ne4 R5c7 30. Qxa7 Rxa7 31. fxe5 dxe5 32. Bxe5 Re7 33. Nd6 Rd8 34. c5 Rxe5 35. Nxf7 Rdxd5 36. Nxe5 Rxe5 37. c6 Rxg5+ 38. Kf2 Bd6 39. Rfd1 Rh5 40. Kf3 Rxh2 41. Re1 Kf7 42. Rcd1 Rh3+ 43. Kg2 Rg3+ 44. Kf1 Rf3+ 45. Kg2 Rf6 46. Re3 h5 47. Rb3 Nc7 48. Rf3 Rxf3 49. Rxd6 Re3 0-1

[Event "HUN-chT2 Maroczy 1011"]
[Site "Hungary"]
[Date "2010.11.21"]
[Round "6"]
[White "Lazar, Janos"]
[Black "Hardicsay, Peter"]
[Result "0-1"]
[WhiteElo "2155"]
[BlackElo "2252"]
[PlyCount "66"]
[EventDate "2010.09.12"]
[EventType "team-tourn"]
[EventRounds "11"]
[EventCountry "HUN"]
[SourceTitle "EXT 2012"]
[Source "ChessBase"]
[SourceDate "2011.11.24"]
[SourceVersion "1"]
[SourceVersionDate "2011.11.24"]
[SourceQuality "1"]
[WhiteTeam "Kisujszallas"]
[BlackTeam "Fuzesabony"]
[WhiteTeamCountry "HUN"]
[BlackTeamCountry "HUN"]

1. e4 c5 2. c3 Nf6 3. e5 Nd5 4. d4 cxd4 5. Nf3 Nc6 6. cxd4 d6 7. Nc3 dxe5 8. dxe5 Nxc3 9. Qxd8+ Nxd8 10. bxc3 Bd7 11. Nd4 Rc8 12. Rb1 g6 13. Bb5 Bxb5 14. Rxb5 Bg7 15. 0-0 a6 16. Rd5 e6 17. Ra5 Rxc3 18. Rd1 0-0 19. Ba3 Re8 20. Bd6 f6 21. f4 Rc4 22. g3 Nf7 23. Nf3 Rd8 24. Rb1 Nxd6 25. exd6 Rd7 26. Ra3 Bf8 27. Re3 Kf7 28. Nd2 Rd4 29. Ne4 Bxd6 30. Rb6 Rxe4 31. Rxd6 Rxd6 32. Rxe4 Rd1+ 33. Kf2 Rd2+ 0-1

[Event "HUN-chT2 Toth 0910"]
[Site "Hungary"]
[Date "2010.04.18"]
[Round "10.4"]
[White "Kovacs, Arthur"]
[Black "Lazar, Janos"]
[Result "1/2-1/2"]
[WhiteElo "2120"]
[BlackElo "2194"]
[PlyCount "85"]
[EventDate "2009.11.08"]
[EventType "team-tourn"]
[EventRounds "11"]
[EventCountry "HUN"]
[SourceTitle "EXT 2011"]
[Source "ChessBase"]
[SourceDate "2010.11.26"]
[SourceVersion "1"]
[SourceVersionDate "2010.11.26"]
[SourceQuality "1"]
[WhiteTeam "Mako II"]
[BlackTeam "Kisujszallas"]
[WhiteTeamCountry "HUN"]
[BlackTeamCountry "HUN"]

1. d4 f5 2. e4 fxe4 3. Nc3 Nf6 4. Bg5 c6 5. Bxf6 exf6 6. Nxe4 d5 7. Ng3 Qb6 8. Qe2+ Kd8 9. 0-0-0 Bd6 10. Qf3 Na6 11. Nf5 Bxf5 12. Qxf5 Nb4 13. Kb1 Kc7 14. c3 a5 15. Ne2 Na6 16. Nf4 Rag8 17. g3 Kb8 18. Bxa6 bxa6 19. Rhe1 Re8 20. Re6 Rxe6 21. Qxe6 Qd8 22. Re1 Kc7 23. Qf7+ Kb6 24. Nd3 Qc7 25. Qxc7+ Kxc7 26. Kc2 a4 27. Re2 h5 28. h3 h4 29. g4 Kd7 30. Nc5+ Bxc5 31. dxc5 Rb8 32. Kd3 a3 33. b3 a5 34. f4 g6 35. Kd4 Rg8 36. Re3 Rb8 37. Re2 Rg8 38. Re1 Rb8 39. Re3 a4 40. b4 Rb7 41. Re1 Rb8 42. Re2 Rb7 43. Re1 1/2-1/2

[Event "HUN-chT2 Breyer 0809"]
[Site "Hungary"]
[Date "2008.12.21"]
[Round "4"]
[White "Lazar, Janos"]
[Black "Zalan, Janos"]
[Result "1/2-1/2"]
[WhiteElo "2197"]
[BlackElo "2025"]
[PlyCount "36"]
[EventDate "2008.10.26"]
[EventType "team-tourn"]
[EventRounds "11"]
[EventCountry "HUN"]
[SourceTitle "EXT 2010"]
[Source "ChessBase"]
[SourceDate "2010.11.25"]
[SourceVersion "1"]
[SourceVersionDate "2010.11.25"]
[SourceQuality "1"]
[WhiteTeam "Vertesi Eromu"]
[BlackTeam "Gyor Komszomol"]
[WhiteTeamCountry "HUN"]
[BlackTeamCountry "HUN"]

1. e4 e5 2. Nf3 Nc6 3. Bb5 f5 4. d3 fxe4 5. dxe4 Nf6 6. Bxc6 bxc6 7. 0-0 d6 8. Nc3 Be7 9. Qd3 Be6 10. Ng5 Qd7 11. Qa6 Bf7 12. Nxf7 Kxf7 13. f4 Rhe8 14. fxe5 dxe5 15. Qc4+ Qe6 16. Qe2 Kg8 17. Bd2 Bc5+ 18. Kh1 Bd4 1/2-1/2

[Event "HUN-chT2 Toth 0809"]
[Site "Hungary"]
[Date "2008.12.21"]
[Round "4.5"]
[White "Molnar, Tibor"]
[Black "Lazar, Janos"]
[Result "0-1"]
[WhiteElo "1911"]
[BlackElo "2197"]
[PlyCount "66"]
[EventDate "2008.10.26"]
[EventType "team-tourn"]
[EventRounds "11"]
[EventCountry "HUN"]
[SourceTitle "EXT 2010"]
[Source "ChessBase"]
[SourceDate "2010.11.25"]
[SourceVersion "1"]
[SourceVersionDate "2010.11.25"]
[SourceQuality "1"]
[WhiteTeam "Nadudvar"]
[BlackTeam "Kisujszallas"]
[WhiteTeamCountry "HUN"]
[BlackTeamCountry "HUN"]

1. d4 d5 2. Nf3 e6 3. Bf4 Bd6 4. Bd2 Nf6 5. Nc3 a6 6. a3 0-0 7. Bg5 c5 8. e3 Nbd7 9. Be2 b6 10. Qd3 Bb7 11. 0-0 Qc7 12. Bxf6 Nxf6 13. h3 Ne4 14. Na2 c4 15. Qd1 f5 16. c3 g5 17. Nd2 Rf6 18. Nxe4 dxe4 19. Bh5 Kh8 20. g4 f4 21. Nb4 Raf8 22. Qd2 fxe3 23. Qxe3 Bf4 24. Qe2 Bh2+ 25. Kh1 e3+ 26. d5 exd5 27. f3 Bd6 28. Qxe3 d4 29. Qxd4 Bc5 30. Nd5 Qg3 31. Qxc5 bxc5 32. Nxf6 Rxf6 33. h4 Rxf3 0-1

[Event "HUN-chT2 Erkel 0405"]
[Site "Hungary"]
[Date "2005.04.10"]
[Round "10"]
[White "Lazar, Janos"]
[Black "Mihalka, Zsolt"]
[Result "1-0"]
[WhiteElo "2158"]
[BlackElo "2185"]
[PlyCount "123"]
[EventDate "2004.09.26"]
[EventType "team"]
[EventRounds "11"]
[EventCountry "HUN"]
[SourceTitle "EXT 2009"]
[Source "ChessBase"]
[SourceDate "2008.11.26"]
[SourceVersion "1"]
[SourceVersionDate "2008.11.26"]
[SourceQuality "1"]
[WhiteTeam "Metroepszolg"]
[BlackTeam "Penzugyor II"]
[WhiteTeamCountry "HUN"]
[BlackTeamCountry "HUN"]

1. e4 d6 2. d4 g6 3. Nc3 Bg7 4. Be3 a6 5. Qd2 b5 6. Bd3 Nd7 7. Nce2 Bb7 8. c3 Ngf6 9. f3 0-0 10. Bh6 e5 11. h4 d5 12. h5 dxe4 13. hxg6 Bxh6 14. gxh7+ Kh8 15. Qxh6 exd3 16. Ng3 Ne8 17. dxe5 d2+ 18. Kf2 Qe7 19. Rd1 Ng7 20. Qxg7+ Kxg7 21. Nf5+ Kh8 22. Nxe7 Rae8 23. Nf5 Rxe5 24. Rxd2 Rd5 25. Rxd5 Bxd5 26. b3 Nf6 27. Ne2 Nxh7 28. Nf4 Bb7 29. Re1 Bc8 30. Ne7 Kg7 31. Nh5+ Kh6 32. Rh1 Ng5 33. Nf6+ Kg7 34. Nh5+ Kh6 35. f4 Ne4+ 36. Ke3 Nxc3 37. Ng3+ Kg7 38. Kd4 Nxa2 39. Nh5+ Kh6 40. Nf6+ Kg7 41. Ke5 Rh8 42. Rxh8 Kxh8 43. Nxc8 Nc1 44. Ne8 c5 45. Nc7 Nxb3 46. Nxa6 c4 47. Nd6 c3 48. Nb4 Na1 49. Nxf7+ Kg7 50. Nd6 c2 51. Nxc2 Nxc2 52. Nxb5 Ne3 53. g3 Kg6 54. Ke6 Nf5 55. g4 Nh6 56. g5 Nf7 57. f5+ Kxg5 58. Nd4 Nh6 59. f6 Kg6 60. Nc6 Kh7 61. Ne7 Kh8 62. Nf5 1-0

[Event "HUN-chT2 Erkel 0405"]
[Site "Hungary"]
[Date "2005.03.06"]
[Round "9"]
[White "Lazar, Janos"]
[Black "Ujj, Daniel"]
[Result "1/2-1/2"]
[WhiteElo "2158"]
[BlackElo "2162"]
[PlyCount "34"]
[EventDate "2004.09.26"]
[EventType "team"]
[EventRounds "11"]
[EventCountry "HUN"]
[SourceTitle "EXT 2009"]
[Source "ChessBase"]
[SourceDate "2008.11.26"]
[SourceVersion "1"]
[SourceVersionDate "2008.11.26"]
[SourceQuality "1"]
[WhiteTeam "Metroepszolg"]
[BlackTeam "Garancia"]
[WhiteTeamCountry "HUN"]
[BlackTeamCountry "HUN"]

1. e4 e5 2. Nc3 Nc6 3. Bc4 Nf6 4. d3 Na5 5. Nf3 Nxc4 6. dxc4 Bb4 7. 0-0 d6 8. Nd5 Nxd5 9. Qxd5 0-0 10. Rd1 Bc5 11. Nxe5 c6 12. Qd2 Qh4 13. Nd3 Qxe4 14. Nxc5 dxc5 15. Qd6 Qxc2 16. Bg5 Be6 17. b3 Qf5 1/2-1/2

[Event "HUN-chT2 Erkel 0405"]
[Site "Hungary"]
[Date "2004.12.12"]
[Round "5"]
[White "Paksi, Gyula"]
[Black "Lazar, Janos"]
[Result "1/2-1/2"]
[WhiteElo "2070"]
[BlackElo "2158"]
[PlyCount "43"]
[EventDate "2004.09.26"]
[EventType "team"]
[EventRounds "11"]
[EventCountry "HUN"]
[SourceTitle "EXT 2009"]
[Source "ChessBase"]
[SourceDate "2008.11.26"]
[SourceVersion "1"]
[SourceVersionDate "2008.11.26"]
[SourceQuality "1"]
[WhiteTeam "Foti"]
[BlackTeam "Metroepszolg"]
[WhiteTeamCountry "HUN"]
[BlackTeamCountry "HUN"]

1. d4 d5 2. Nf3 e6 3. c4 dxc4 4. Qa4+ Qd7 5. Qxc4 Qc6 6. Qxc6+ Nxc6 7. a3 Nf6 8. Nc3 Bd6 9. Nb5 0-0 10. Nxd6 cxd6 11. Bf4 Rd8 12. e3 h6 13. Bc4 Nh5 14. Bg3 Nxg3 15. hxg3 Bd7 16. Ke2 Na5 17. Bd3 Nb3 18. Rab1 Bc6 19. Bc4 Na5 20. Bd3 Nb3 21. Bc4 Na5 22. Bd3 1/2-1/2

[Event "HUN-chT2 Maroczy 0203"]
[Site "Hungary"]
[Date "2003.03.02"]
[Round "8.6"]
[White "Gal, Sandor"]
[Black "Lazar, Janos"]
[Result "1/2-1/2"]
[WhiteElo "2274"]
[BlackElo "2165"]
[PlyCount "88"]
[EventDate "2002.09.22"]
[EventType "team"]
[EventRounds "11"]
[EventCountry "HUN"]
[SourceTitle "EXT 2004"]
[Source "ChessBase"]
[SourceDate "2003.11.25"]
[SourceVersion "1"]
[SourceVersionDate "2003.11.25"]
[SourceQuality "1"]
[WhiteTeam "Heves"]
[BlackTeam "Metroepszolg"]
[WhiteTeamCountry "HUN"]
[BlackTeamCountry "HUN"]

1. d4 d5 2. c4 e6 3. Nc3 Bb4 4. a3 Bxc3+ 5. bxc3 dxc4 6. Qa4+ Nd7 7. Qxc4 Ngf6 8. g3 Nb6 9. Qd3 Qd5 10. f3 c5 11. e4 Qc6 12. Be3 Bd7 13. dxc5 Na4 14. Qd6 Nxc3 15. Qxc6 Bxc6 16. Ne2 Nxe2 17. Bxe2 Nd7 18. 0-0 Ke7 19. Rab1 Rhd8 20. Rfd1 Ne5 21. Kf2 Rxd1 22. Rxd1 Rd8 23. Bd4 f6 24. Bxe5 fxe5 25. Rxd8 Kxd8 26. Ke3 g5 27. f4 gxf4+ 28. gxf4 exf4+ 29. Kxf4 Ke7 30. Ke5 h6 31. Bc4 b6 32. cxb6 axb6 33. Bxe6 Bxe4 34. Kxe4 Kxe6 35. h4 b5 36. h5 Kd6 37. Kf5 Kd5 38. Kg6 Ke6 39. Kxh6 Kf6 40. Kh7 Kf7 41. h6 Kf8 42. Kh8 Kf7 43. h7 Kf8 44. a4 bxa4 1/2-1/2

[Event "HUN-chT2 Maroczy 0304"]
[Site "Hungary"]
[Date "2003.02.22"]
[Round "8"]
[White "Lazar, Janos"]
[Black "Jacso, Adam"]
[Result "1-0"]
[WhiteElo "2150"]
[BlackElo "1987"]
[PlyCount "97"]
[EventDate "2003.09.28"]
[EventType "team"]
[EventRounds "11"]
[EventCountry "HUN"]
[SourceTitle "EXT 2005"]
[Source "ChessBase"]
[SourceDate "2004.11.15"]
[SourceVersion "1"]
[SourceVersionDate "2004.11.15"]
[SourceQuality "1"]

1. e4 c5 2. c3 d5 3. exd5 Qxd5 4. d4 Nf6 5. Be3 cxd4 6. cxd4 Nc6 7. Nc3 Qd8 8. d5 Ne5 9. Bd4 Ned7 10. Qa4 b6 11. Qc6 Rb8 12. Nb5 e5 13. Nc7+ Qxc7 14. Qxc7 exd4 15. Bb5 Bb4+ 16. Kf1 0-0 17. Qc4 Bc5 18. Nf3 Bb7 19. Bc6 Rfd8 20. b4 b5 21. Qb3 Bb6 22. Rd1 Nf8 23. Nxd4 Bxd4 24. Bxb7 Rxb7 25. Rxd4 Rbd7 26. g3 Nxd5 27. Kg2 Ne6 28. Rdd1 a6 29. Rhe1 h6 30. a3 Kf8 31. h4 Kg8 32. Rc1 Nf6 33. Red1 Nd5 34. Re1 Nf6 35. Rc5 Nxc5 36. bxc5 Rd3 37. Qb4 R8d4 38. Qa5 Rc4 39. Qxa6 Rxc5 40. Re2 Rcc3 41. Re7 Rxa3 42. Qc8+ Kh7 43. Qf8 Ra4 44. Qxf7 Rg4 45. Qxf6 Rd5 46. Qe6 Rgd4 47. Re8 Rd7 48. Qf5+ g6 49. Qf8 1-0

[Event "HUN-chT2 0102"]
[Site "Hungary"]
[Date "2002.01.27"]
[Round "6"]
[White "Lazar, Janos"]
[Black "Leviczki, Tibor"]
[Result "1/2-1/2"]
[WhiteElo "2172"]
[BlackElo "2114"]
[PlyCount "84"]
[EventDate "2001.??.??"]
[EventType "team"]
[EventRounds "11"]
[EventCountry "HUN"]
[SourceTitle "EXT 2004"]
[Source "ChessBase"]
[SourceDate "2003.11.25"]
[SourceVersion "1"]
[SourceVersionDate "2003.11.25"]
[SourceQuality "1"]

1. e4 c5 2. c3 d5 3. exd5 Qxd5 4. d4 Nf6 5. Nf3 Nc6 6. Be2 cxd4 7. cxd4 e6 8. 0-0 Be7 9. Nc3 Qd6 10. Qa4 0-0 11. Bg5 Qb4 12. Qxb4 Nxb4 13. Rad1 b6 14. Ne5 Bb7 15. a3 Nbd5 16. Nxd5 Nxd5 17. Bxe7 Nxe7 18. Bf3 Nd5 19. Nc4 Rfd8 20. Rd2 Ba6 21. Rc1 Rac8 22. Rdc2 Ne7 23. Ne5 f6 24. Nc6 Nxc6 25. Rxc6 Rxc6 26. Rxc6 Rxd4 27. Rxe6 Rd2 28. Re7 Rxb2 29. h3 Bc4 30. Rxa7 b5 31. Rd7 Ra2 32. Bd5+ Bxd5 33. Rxd5 Rxa3 34. Rxb5 Rd3 35. Rb7 Rd8 36. g4 Kf8 37. Kg2 Re8 38. Kg3 Re7 39. Rb8+ Kf7 40. Kf4 g5+ 41. Kg3 Rd7 42. Rb3 Kg6 1/2-1/2